1383 1753 1413 1129 1379 1081 1252 1040 1296 1127 1924 1038 1915 1687 1898 1420 1233 1916 1003 1819 1294 1895 1909 1736 1531 1660 1403 1942 1964 1282 1221 1141 1875 1100 1102 1262 1819 1942 1092 1932 1541 1078 1289 1262 1649 1113 1246 1324 1313 2000 1343 1811 1419 1890 1430 1134 1411 1916 1232 1954 1722 1751 1322 1089 1499 1050 1350 1004 1614 1280 1714 1015 1626 1826 1109 1739 1846 1800 1564 1803 1978 1906 1714 1097 1804 1372 1792 1643 1319 1276 1246 1260 1505 1259 1949 1133 1916 1254 1949 BCNSPRNW ULIB Ver.6.0+V

เปลี่ยนเป็นภาษาไทย

Change to English
 แสดงรายละเอียดบรรณานุกรม
  กลับหน้าหลัก

Brief Record : Get Marc (ISO 2709) : E-mail record : QR code < ปิดหน้าต่าง
LEADER : 00000nam 2200000uu 4500
001    13399113590
003     ULIB
008    111202s2549||||th 000 0 tha d
020    ^a9746107933(ล.1)
060  4 ^aWA100^bม246ค ล.1 2549
110 1  ^aมหาวิทยาลัยสุโขทัยธรรมาธิราช^bสาขาวิชาวิทยาศาสตร์สุขภาพ
245 00 ^aเอกสารการสอนชุดวิชา ความรู้ทั่วไปเกี่ยวกับการสาธารณสุข หน่วยที่1-7=^bIntroduction to Public health1/^cมหาวิทยาลัยสุโขทัยธรรมาธิราช
246 0  ^aIntroduction to Public health
250    ^aพิมพ์ครั้งที่ 4
260    ^aนนทบุรี:^bศูนย์หนังสือมหาวิทยาลัยสุโขทัยธรรมาธิราช,^c2549
300    ^a464 หน้า
650  7 ^aสาธารณสุข
650  7 ^aอนามัย
650  7 ^aมนุษย์กับสิ่งแวดล้อม
945    ^p0^l0^i14669
945    ^p0^l0^i14670
945    ^p0^l0^i14671
995    ^aกัณชพร
999    ^aใช้งานได้ทุกระบบ
รายการนี้ยังไม่มีแท็ก
คุณยังไม่ได้ล็อกอิน คุณสามารถมีกิจกรรมร่วมกับเว็บไซต์ได้ แต่ต้องล็อกอินก่อน ::
  ล็อกอิน

รายการสื่อสารสนเทศ

ลำดับที่ ประเภท เลขเรียก/บาร์โค้ด สถานที่ สถานะ
- ไม่พบข้อมูล -

รายการใกล้เคียง
    หัวเรื่อง [สาธารณสุข]
    หัวเรื่อง [อนามัย]
    หัวเรื่อง [มนุษย์กับสิ่งแวดล้อม]

BibComment


ยังไม่เคยถูกคอมเมนท์

คอมเมนท์ทรัพยากรรายการนี้
  คอมเมนท์: เอกสารการสอนชุดว..


 Copyright 2026. Bcnsprnw @Library